Exclaves and Enclaves on a Map - Statistics

General Stats
  • This quiz has been taken 72 times
    62 since last reset
  • The average score is 11 of 69
Answers on the Map
Answers color-coded by a green-red scale on the quiz's map according to % correct below.
 
Answer Stats
Type of exclave/enclave Exclave of Exclave within Area (km²) Name % Correct
semi-exclave United Kingdom Spain 6.8 Gibraltar
75%
semi-enclave/semi-exclave United States Canada, Arctic, Bering & Pacific Ocean 1717854 Alaska
71%
enclave (sovereign) - Italy 61.2 San Marino
63%
enclave (sovereign) - Italy 0.44 Vatican City
60%
enclave (sovereign) - South Africa 30355 Lesotho
56%
semi-exclave Spain Morocco & Mediterranean Sea 18.5 Ceuta
54%
semi-enclave - Malaysia & South China Sea 5765 Brunei
50%
semi-exclave France Suriname, Brazil & Atlantic 83534 French Guiana
50%
semi-enclave - France & Mediterranean Sea 2.02 Monaco
50%
semi-exclave Spain Morocco & Mediterranean Sea 13.4 Melilla
48%
semi-enclave - Senegal & Atlantic Ocean 11295 Gambia
42%
de jure exclave Palestine - 360 Gaza Strip
42%
semi-exclave Angola DR Congo, Rep. of Congo & Atlantic 7160 Cabinda
33%
exclave with counter-enclaves Netherlands Belgium 0.150684 Baarle-Nassau
25%
true exclave Spain France 12.84 Llívia
25%
exclave with counter-enclaves Belgium Netherlands 2.3448 Baarle-Hertog
21%
true exclave Italy Switzerland 1.6 Campione d'Italia
21%
semi-exclave Russia Lithuania, Poland & Baltic Sea 15100 Kaliningrad Oblast
21%
semi-exclave United Kingdom Cyprus (island) 254 Akrotiri and Dhekelia
17%
semi-exclave Oman UAE & Strait of Hormuz ~1800 Musandam
17%
true exclave Germany Switzerland 7.62 Büsingen am Hochrhein
13%
true exclave Oman UAE ~75 Madha
10%
counter-enclave UAE (Sharjah) Oman (Musandam) ~5.2 Nahwa
10%
semi-exclave Spain Morocco & Mediterranean Sea 0.015 Peñón de Vélez de la Gomera
10%
true exclave Uzbekistan Kyrgyzstan ~234 Sokh
10%
exclave Australia Papua New Guinea ~2200 Torres Strait Islands
10%
exclave Argentina Uruguay 1.84 Isla Martín García
8%
true exclave (quadruple border) Austria Germany 7.05 Jungholz
8%
true exclave Azerbaijan Armenia 8 Karki / Tigranashen
8%
exclave Bosnia and Herzegovina Serbia 3.9584 Međurečje
8%
true exclave Russia Belarus 4.54 San'kovo-Medvezh'e
8%
true exclave Croatia Slovenia 0.0183+ Brezovica Žumberačka
6%
semi-exclave Croatia Bosnia-Herzegovina & Adriatic ~930 Dubrovnik region
6%
exclave Azerbaijan - 5500 Nakhichivan
6%
true exclave Germany Belgium 0.937 Ruitzhof
6%
semi-exclave Brunei Malaysia & Brunei Bay 1306 Temburong District
6%
exclave Argentina Paraguay ~320 Apipé Islands
4%
true exclave Armenia Azerbaijan ~40 Artsvashen
4%
true exclave Azerbaijan Armenia ~10 Barkhudarli
4%
exclave Malawi Mozambique ~101.4 Chizumulu Island
4%
true exclave Bangladesh India 25.95 Dahagram-Angarpota
4%
shared exclave Honduras - ~190 Gulf of Fonseca outer tridominium
4%
exclave Argentina Paraguay ~36 Isla Entre Ríos
4%
semi-enclave/semi-exclave Cyprus U.N. buffer zone & Mediterranean Sea - Kokkina / Erenköy
4%
true exclave Kyrgyzstan Tajikistan ~0.88 Lolazor
4%
true exclave Germany Belgium 1.826 Münsterbildchen
4%
true exclave Germany Belgium 12.117 Mützenich
4%
semi-enclave/semi-exclave East Timor Indonesia & Savu Sea 814 Oecusse
4%
semi-exclave Equatorial Guinea Gabon, Cameroon & Atlantic 26017 Río Muni
4%
true exclave Germany Belgium 9.98 Roetgener Wald
4%
true exclave Kyrgyzstan Tajikistan 8.4 Sarvan
4%
exclave (de facto occupied) Cyprus - - Strovilia
4%
true exclave Tajikistan Kyrgyzstan 96.7 Vorukh
4%
functional exclave China Hong Kong 0.11 West Kowloon Port
4%
exclave Cyprus UK Sovereign Base Areas 0.947 Xylotymbou
4%
true exclave Kazakhstan Kyrgyzstan ~37 Barak
2%
true exclave Uzbekistan Kyrgyzstan ~3 Chon-Qora or Qalacha
2%
semi-exclave Cyprus U.N. buffer zone, SBA & Mediterranean - Famagusta exclave
2%
exclave Uruguay Argentina ~23 Filomena Islands
2%
exclave Nicaragua Costa Rica ~0.46 Laguna Los Portillos
2%
exclave Malawi Mozambique ~18 Likoma Island
2%
exclave Cyprus UK Sovereign Base Areas 1.694 Ormidhia
2%
exclave (disputed reef) Colombia Nicaragua 3 577 Quitasueño
2%
true exclave Germany Belgium 0.016 Rückschlag
2%
exclave (disputed reef) Colombia Nicaragua ~2800 Serrana
2%
true exclave Uzbekistan Kyrgyzstan ~38.2 Shakhimardan
2%
true exclave Azerbaijan Armenia ~0.18 Yaradullu
2%
true exclave Azerbaijan Armenia ~28 Yukhari Askipara
2%
semi-enclave Eritrea Djibouti & Bab-el-Mandeb - Southeastern Point
0%
No matching quizzes found
Score Distribution
Percent of People with Each Score
Percentile by Number Answered
Your Score History
You have not taken this quiz since the last reset